Sports Quiz

Random Sports or NBA Quiz

NBA Championship Starting Lineups Quiz Stats

 Plays Quiz Updated Jun 9, 2018

Challenge
Share
Tweet
Embed
Score 0/300 Timer 20:00
5 Plays Today
Team Player % Correct
2018 Golden State WarriorsStephen Curry
98.5%
2017 Golden State WarriorsStephen Curry
98.5%
2016 Cleveland CavaliersLeBron James
98.1%
2013 Miami HeatLeBron James
97.6%
2012 Miami HeatLeBron James
97.6%
2018 Golden State WarriorsKlay Thompson
96.1%
2018 Golden State WarriorsKevin Durant
96%
2017 Golden State WarriorsKlay Thompson
95.8%
2018 Golden State WarriorsDraymond Green
95.5%
2017 Golden State WarriorsDraymond Green
95.4%
2017 Golden State WarriorsKevin Durant
95.3%
2010 Los Angeles LakersKobe Bryant
95.3%
2009 Los Angeles LakersKobe Bryant
95.3%
2002 Los Angeles LakersKobe Bryant
95.3%
2001 Los Angeles LakersKobe Bryant
95.3%
2000 Los Angeles LakersKobe Bryant
95.3%
2014 San Antonio SpursTim Duncan
95.2%
2007 San Antonio SpursTim Duncan
95.2%
2005 San Antonio SpursTim Duncan
95.2%
2003 San Antonio SpursTim Duncan
95.2%
1999 San Antonio SpursTim Duncan
95.2%
2013 Miami HeatDwyane Wade
95.1%
2012 Miami HeatDwyane Wade
95.1%
2006 Miami HeatDwyane Wade
95.1%
2016 Cleveland CavaliersTristan Thompson
95%
2014 San Antonio SpursTony Parker
94.1%
2007 San Antonio SpursTony Parker
94.1%
2005 San Antonio SpursTony Parker
94.1%
2003 San Antonio SpursTony Parker
94.1%
1998 Chicago BullsMichael Jordan
93.6%
1997 Chicago BullsMichael Jordan
93.6%
1996 Chicago BullsMichael Jordan
93.6%
1993 Chicago BullsMichael Jordan
93.6%
1992 Chicago BullsMichael Jordan
93.6%
1991 Chicago BullsMichael Jordan
93.6%
2006 Miami HeatShaquille O'Neal
92.5%
2000 Los Angeles LakersShaquille O'Neal
92.5%
2002 Los Angeles LakersShaquille O'Neal
92.5%
2001 Los Angeles LakersShaquille O'Neal
92.5%
2016 Cleveland CavaliersKyrie Irving
92.4%
2016 Cleveland CavaliersJ.R. Smith
90.9%
1998 Chicago BullsScottie Pippen
90%
1997 Chicago BullsScottie Pippen
90%
1996 Chicago BullsScottie Pippen
90%
1993 Chicago BullsScottie Pippen
90%
1992 Chicago BullsScottie Pippen
90%
1991 Chicago BullsScottie Pippen
90%
2014 San Antonio SpursDanny Green
89.9%
2013 Miami HeatChris Bosh
89.7%
2012 Miami HeatChris Bosh
89.7%
2011 Dallas MavericksDirk Nowitzki
89.6%
2000 Los Angeles LakersA.C. Green
89%
1988 Los Angeles LakersA.C. Green
89%
1987 Los Angeles LakersA.C. Green
89%
2016 Cleveland CavaliersKevin Love
88.6%
2008 Boston CelticsKevin Garnett
88%
2008 Boston CelticsPaul Pierce
87.8%
1988 Los Angeles LakersMagic Johnson
87.7%
1987 Los Angeles LakersMagic Johnson
87.7%
1985 Los Angeles LakersMagic Johnson
87.7%
1982 Los Angeles LakersMagic Johnson
87.7%
1980 Los Angeles LakersMagic Johnson
87.7%
1986 Boston CelticsDennis Johnson
86.9%
1984 Boston CelticsDennis Johnson
86.9%
1979 Seattle SuperSonicsDennis Johnson
86.9%
1999 San Antonio SpursAvery Johnson
86.9%
1979 Seattle SuperSonicsJohn Johnson
86.6%
1975 Golden State WarriorsCharles Johnson
86.6%
2008 Boston CelticsRay Allen
86.6%
1986 Boston CelticsLarry Bird
85%
1984 Boston CelticsLarry Bird
85%
1981 Boston CelticsLarry Bird
85%
2015 Golden State WarriorsStephen Curry
84%
2008 Boston CelticsRajon Rondo
83.5%
1997 Chicago BullsDennis Rodman
83.5%
1996 Chicago BullsDennis Rodman
83.5%
2014 San Antonio SpursKawhi Leonard
82.9%
2003 San Antonio SpursDavid Robinson
81.5%
1999 San Antonio SpursDavid Robinson
81.5%
1990 Detroit PistonsIsiah Thomas
81.2%
1989 Detroit PistonsIsiah Thomas
81.2%
2015 Golden State WarriorsDraymond Green
80.9%
2010 Los Angeles LakersPau Gasol
80.9%
2009 Los Angeles LakersPau Gasol
80.9%
1988 Los Angeles LakersKareem Abdul-Jabbar
79.8%
1987 Los Angeles LakersKareem Abdul-Jabbar
79.8%
1985 Los Angeles LakersKareem Abdul-Jabbar
79.8%
1982 Los Angeles LakersKareem Abdul-Jabbar
79.8%
1980 Los Angeles LakersKareem Abdul-Jabbar
79.8%
1971 Milwaukee BucksKareem Abdul-Jabbar
79.8%
1995 Houston RocketsHakeem Olajuwon
79.2%
1994 Houston RocketsHakeem Olajuwon
79.2%
2004 Detroit PistonsBen Wallace
79%
2004 Detroit PistonsRasheed Wallace
78.8%
1995 Houston RocketsKenny Smith
78.3%
1994 Houston RocketsKenny Smith
78.3%
1969 Boston CelticsBill Russell
78.1%
1968 Boston CelticsBill Russell
78.1%
1966 Boston CelticsBill Russell
78.1%
1965 Boston CelticsBill Russell
78.1%
Team Player % Correct
1964 Boston CelticsBill Russell
78.1%
1963 Boston CelticsBill Russell
78.1%
1962 Boston CelticsBill Russell
78.1%
1961 Boston CelticsBill Russell
78.1%
1960 Boston CelticsBill Russell
78.1%
1959 Boston CelticsBill Russell
78.1%
1971 Milwaukee BucksGreg Smith
77.8%
2015 Golden State WarriorsKlay Thompson
76.7%
2004 Detroit PistonsChauncey Billups
76.5%
2010 Los Angeles LakersDerek Fisher
76.1%
2009 Los Angeles LakersDerek Fisher
76.1%
2002 Los Angeles LakersDerek Fisher
76.1%
2001 Los Angeles LakersDerek Fisher
76.1%
2013 Miami HeatMario Chalmers
75.8%
2012 Miami HeatMario Chalmers
75.8%
2005 San Antonio SpursManu Ginobili
75.4%
2011 Dallas MavericksJason Kidd
73.5%
2017 Golden State WarriorsZaza Pachulia
73%
1972 Los Angeles LakersWilt Chamberlain
72.4%
1967 Philadelphia 76ersWilt Chamberlain
72.4%
2018 Golden State WarriorsJaVale McGee
71.8%
2004 Detroit PistonsRichard Hamilton
69.2%
1986 Boston CelticsKevin McHale
68.8%
1983 Philadelphia 76ersJulius Erving
67.4%
1972 Los Angeles LakersJerry West
66.7%
1983 Philadelphia 76ersMoses Malone
66.2%
2008 Boston CelticsKendrick Perkins
66.1%
1969 Boston CelticsSam Jones
63.7%
1968 Boston CelticsSam Jones
63.7%
1966 Boston CelticsSam Jones
63.7%
1965 Boston CelticsSam Jones
63.7%
1964 Boston CelticsSam Jones
63.7%
1963 Boston CelticsSam Jones
63.7%
1962 Boston CelticsSam Jones
63.7%
1966 Boston CelticsK. C. Jones
63.6%
1965 Boston CelticsK. C. Jones
63.6%
1964 Boston CelticsK. C. Jones
63.6%
1988 Los Angeles LakersJames Worthy
63.4%
1987 Los Angeles LakersJames Worthy
63.4%
1985 Los Angeles LakersJames Worthy
63.4%
1967 Philadelphia 76ersWali Jones
63.4%
1990 Detroit PistonsJoe Dumars
63.1%
1989 Detroit PistonsJoe Dumars
63.1%
1986 Boston CelticsRobert Parish
63.1%
1984 Boston CelticsRobert Parish
63.1%
1981 Boston CelticsRobert Parish
63.1%
2015 Golden State WarriorsAndrew Bogut
62.9%
2010 Los Angeles LakersAndrew Bynum
62.8%
2009 Los Angeles LakersAndrew Bynum
62.8%
2004 Detroit PistonsTayshaun Prince
62.3%
2011 Dallas MavericksTyson Chandler
61.8%
2001 Los Angeles LakersHorace Grant
60.9%
1993 Chicago BullsHorace Grant
60.9%
1992 Chicago BullsHorace Grant
60.9%
1991 Chicago BullsHorace Grant
60.9%
1995 Houston RocketsClyde Drexler
59.9%
2002 Los Angeles LakersRobert Horry
59.9%
1995 Houston RocketsRobert Horry
59.9%
1994 Houston RocketsRobert Horry
59.9%
1977 Portland Trail BlazersBill Walton
59%
2015 Golden State WarriorsHarrison Barnes
58.3%
1990 Detroit PistonsBill Laimbeer
58.1%
1989 Detroit PistonsBill Laimbeer
58.1%
1963 Boston CelticsBob Cousy
57.9%
1962 Boston CelticsBob Cousy
57.9%
1961 Boston CelticsBob Cousy
57.9%
1960 Boston CelticsBob Cousy
57.9%
1959 Boston CelticsBob Cousy
57.9%
2006 Miami HeatJason Williams
57.3%
1979 Seattle SuperSonicsGus Williams
57%
1976 Boston CelticsJohn Havlicek
56.2%
1974 Boston CelticsJohn Havlicek
56.2%
1968 Boston CelticsJohn Havlicek
56.2%
1966 Boston CelticsJohn Havlicek
56.2%
1964 Boston CelticsJohn Havlicek
56.2%
1971 Milwaukee BucksOscar Robertson
55.9%
2006 Miami HeatUdonis Haslem
54.5%
2010 Los Angeles LakersMetta World Peace
53.6%
2000 Los Angeles LakersRon Harper
50.1%
1998 Chicago BullsRon Harper
50.1%
1997 Chicago BullsRon Harper
50.1%
1996 Chicago BullsRon Harper
50.1%
2013 Miami HeatMike Miller
49.8%
1973 New York KnicksWalt Frazier
49.1%
1970 New York KnicksWalt Frazier
49.1%
1998 Chicago BullsLuc Longley
48.5%
1997 Chicago BullsLuc Longley
48.5%
1996 Chicago BullsLuc Longley
48.5%
1970 New York KnicksWillis Reed
47.8%
1973 New York KnicksWillis Reed
47.8%
2003 San Antonio SpursStephen Jackson
47.7%
1967 Philadelphia 76ersLuke Jackson
47.5%
2002 Los Angeles LakersRick Fox
47.4%
2001 Los Angeles LakersRick Fox
47.4%
2014 San Antonio SpursBoris Diaw
46.8%
1998 Chicago BullsToni Kukoc
46.5%
1993 Chicago BullsB.J. Armstrong
44%
1975 Golden State WarriorsRick Barry
43.8%
1988 Los Angeles LakersByron Scott
43.5%
1987 Los Angeles LakersByron Scott
43.5%
Team Player % Correct
1985 Los Angeles LakersByron Scott
43.5%
1976 Boston CelticsCharlie Scott
43.4%
2012 Miami HeatShane Battier
42.5%
1993 Chicago BullsBill Cartwright
42.4%
1992 Chicago BullsBill Cartwright
42.4%
1991 Chicago BullsBill Cartwright
42.4%
2007 San Antonio SpursBruce Bowen
42%
2005 San Antonio SpursBruce Bowen
42%
2003 San Antonio SpursBruce Bowen
42%
2011 Dallas MavericksShawn Marion
41.7%
1978 Washington BulletsWes Unseld
40.8%
1986 Boston CelticsDanny Ainge
40.6%
1992 Chicago BullsJohn Paxson
39.9%
1991 Chicago BullsJohn Paxson
39.9%
1983 Philadelphia 76ersMaurice Cheeks
35.7%
1994 Houston RocketsVernon Maxwell
35.3%
1984 Boston CelticsCedric Maxwell
35.2%
1981 Boston CelticsCedric Maxwell
35.2%
2009 Los Angeles LakersTrevor Ariza
34.9%
1978 Washington BulletsElvin Hayes
34.9%
1976 Boston CelticsJo Jo White
33.7%
1974 Boston CelticsJo Jo White
33.7%
2006 Miami HeatAntoine Walker
33.4%
1967 Philadelphia 76ersChet Walker
33.2%
1976 Boston CelticsDave Cowens
31.7%
1974 Boston CelticsDave Cowens
31.7%
1973 New York KnicksEarl Monroe
30.7%
1981 Boston CelticsNate Archibald
29.7%
2011 Dallas MavericksJ.J. Barea
29.7%
1990 Detroit PistonsMark Aguirre
28.3%
1989 Detroit PistonsMark Aguirre
28.3%
2007 San Antonio SpursMichael Finley
28%
1965 Boston CelticsTom Heinsohn
28%
1963 Boston CelticsTom Heinsohn
28%
1962 Boston CelticsTom Heinsohn
28%
1961 Boston CelticsTom Heinsohn
28%
1960 Boston CelticsTom Heinsohn
28%
1959 Boston CelticsTom Heinsohn
28%
1999 San Antonio SpursSean Elliott
27.8%
1985 Los Angeles LakersKurt Rambis
27.5%
1982 Los Angeles LakersKurt Rambis
27.5%
1989 Detroit PistonsRick Mahorn
26.3%
1973 New York KnicksBill Bradley
26.1%
1970 New York KnicksBill Bradley
26.1%
2000 Los Angeles LakersGlen Rice
26.1%
1972 Los Angeles LakersGail Goodrich
26%
1977 Portland Trail BlazersJohnny Davis
23.7%
1973 New York KnicksDave DeBusschere
23.4%
1970 New York KnicksDave DeBusschere
23.4%
1994 Houston RocketsOtis Thorpe
22.8%
1977 Portland Trail BlazersMaurice Lucas
22.8%
1999 San Antonio SpursMario Elie
20.6%
1995 Houston RocketsMario Elie
20.6%
2007 San Antonio SpursFabricio Oberto
19.1%
1982 Los Angeles LakersJamaal Wilkes
18.7%
1980 Los Angeles LakersJamaal Wilkes
18.7%
1975 Golden State WarriorsJamaal Wilkes
18.7%
2005 San Antonio SpursNazr Mohammed
18.5%
1979 Seattle SuperSonicsJack Sikma
18.1%
1961 Boston CelticsBill Sharman
18%
1960 Boston CelticsBill Sharman
18%
1959 Boston CelticsBill Sharman
18%
1967 Philadelphia 76ersHal Greer
17.5%
1983 Philadelphia 76ersAndrew Toney
17.4%
1982 Los Angeles LakersNorm Nixon
16.3%
1980 Los Angeles LakersNorm Nixon
16.3%
1990 Detroit PistonsJames Edwards
15.8%
1969 Boston CelticsSatch Sanders
14.4%
1966 Boston CelticsSatch Sanders
14.4%
1965 Boston CelticsSatch Sanders
14.4%
1964 Boston CelticsSatch Sanders
14.4%
1978 Washington BulletsBob Dandridge
13.4%
1971 Milwaukee BucksBob Dandridge
13.4%
1976 Boston CelticsPaul Silas
11.4%
1974 Boston CelticsPaul Silas
11.4%
1984 Boston CelticsGerald Henderson
10.6%
1978 Washington BulletsTom Henderson
10.6%
1977 Portland Trail BlazersLionel Hollins
8.8%
1981 Boston CelticsChris Ford
8.7%
1963 Boston CelticsFrank Ramsey
8.7%
1960 Boston CelticsFrank Ramsey
8.7%
1970 New York KnicksDick Barnett
8.6%
1975 Golden State WarriorsClifford Ray
7.5%
1969 Boston CelticsBailey Howell
7.5%
1968 Boston CelticsBailey Howell
7.5%
1962 Boston CelticsJim Loscutoff
6.9%
1961 Boston CelticsJim Loscutoff
6.9%
1959 Boston CelticsJim Loscutoff
6.9%
1983 Philadelphia 76ersMarc Iavaroni
6.5%
1972 Los Angeles LakersHappy Hairston
6.2%
1969 Boston CelticsLarry Siegfried
5.6%
1968 Boston CelticsLarry Siegfried
5.6%
1971 Milwaukee BucksJon McGlocklin
5%
1977 Portland Trail BlazersBob Gross
4.8%
1972 Los Angeles LakersJim McMillian
4.6%
1980 Los Angeles LakersJim Chones
4.4%
1974 Boston CelticsDon Chaney
4.3%
1978 Washington BulletsKevin Grevey
4%
1979 Seattle SuperSonicsLonnie Shelton
3.8%
1975 Golden State WarriorsButch Beard
3.7%

You're not logged in!

Compare scores with friends on all Sporcle quizzes.
OR
Log In

You Might Also Like...

Show Comments

Extras

Top Quizzes Today


Score Distribution

Your Account Isn't Verified!

In order to create a playlist on Sporcle, you need to verify the email address you used during registration. Go to your Sporcle Settings to finish the process.

Report this User

Report this user for behavior that violates our Community Guidelines.

Details: